000 00740nam a2200265Ia 4500
003 OSt
005 20220925185240.0
006 a|||||r|||| 00| 0
007 ta
008 220923b |||||||| |||| 00| 0 eng d
020 _a9780444508997
037 _cGeneral Book
040 _aRTL
_cRTL
_beng
041 _2eng
_aeng
082 _aX652g:891.73.P, P8
100 _aMehra Rajnish
_9233598
245 0 _aHandbook of the equity risk premium
260 _aAmsterdam
_bElsevier
_c2008
300 _axxi, 609p
_ccm.
490 _aHandbooks in finance
500 _aBibliography Chapterwise
650 _aEconomics
942 _hX652g:891.73.P, P8
_cGB
_2CC
999 _c510304
_d510304